Science Quiz

Random Science or Animal Quiz

Largest Whales of the World Quiz Stats

 Plays Quiz Updated Jul 5, 2014

Support Sporcle.
Go Orange.
Score 0/11 Timer 04:00
4 Plays Today
Scientific Name Whale Species % Correct
Balaenoptera musculusBlue Whale
98.1%
Physeter macrocephalusSperm Whale
83.4%
Megaptera novaeangliaeHumpback Whale
79.3%
Eschrichtius robustusGray Whale
53.7%
Eubalaena australis / Balaena australisRight Whale
45.2%
Balaenoptera physalusFin Whale
31.7%
Balaenoptera acutorostrataMinke Whale
25.8%
Balaena mysticetusBowhead Whale
21.4%
Balaenoptera borealisSei Whale
17.7%
Balaenoptera brydei / Balaenoptera edeniBryde's Whale
12.8%
Berardius bairdiiBaird's Beaked Whale
9.4%

From the Vault

Funny Canadian Laws

by gingerlover

They do things a little differently in the north.
Remove Ads.
Support Sporcle.
Get the best of Sporcle when you Go Orange. This ad-free experience offers more features, more stats, and more fun while also helping to support Sporcle. Thank you for becoming a member.

Show Comments

Extras

Top Quizzes Today


Score Distribution

Your Account Isn't Verified!

In order to create a playlist on Sporcle, you need to verify the email address you used during registration. Go to your Sporcle Settings to finish the process.

Report this User

Report this user for behavior that violates our Community Guidelines.

Details: